000
00207nam a22000857a 4500
008
161202b xxu||||| |||| 00| 0 eng d
100
_9
1765
_a
kantha
245
_a
A present for papa
260
_a
New delhi
_b
CBT
_c
2011
999
_c
4472
_d
4472